| 000 | 00357nam a2200133Ia 4500 | ||
|---|---|---|---|
| 008 | 221007s9999 xx 000 0 und d | ||
| 041 | _aeng | ||
| 100 |
_aRani Gund _9102290 |
||
| 245 | _aSurvey of training need identification of ITI trade apprentiship | ||
| 260 |
_c2006 _bPune University _aPune |
||
| 300 | _a27p | ||
| 520 | _aGaikwad A | ||
| 906 | _bGeneral | ||
| 999 |
_c69452 _d69452 |
||